[Event "2. Obert de Tardor Barcelona UGA 2014"]
[Site "Barcelona ESP"]
[Date "2014.10.13"]
[Round "2.9"]
[White "Rocher Gonzalez, Vicenç"]
[Black "Navarro Oliva, Ivan Tomás"]
[Result "1-0"]
[WhiteElo "2048"]
[BlackElo "1700"]
[PlyCount "75"]
[EventDate "2014.10.06"]
[EventType "swiss"]
[EventRounds "8"]
[EventCountry "ESP"]
[Source "lmi"]
[SourceDate "2014.10.06"]

1. c4 e6 2. d4 Nf6 3. g3 d5 4. Bg2 Nc6 5. e3 b6 6. Ne2 g6 7. Nbc3 Bg7 8. Nf4
Ne7 9. b4 c6 10. c5 bxc5 11. bxc5 Ba6 12. Nfe2 O-O 13. O-O Bc4 14. Re1 a5 15.
Na4 Nc8 16. Nec3 Rb8 17. Ba3 Re8 18. f4 h5 19. Qc2 Ng4 20. h3 Nh6 21. Rab1 Rxb1
22. Rxb1 Qc7 23. Rb2 Re7 24. Qb1 Nf5 25. Kf2 f6 26. Nb6 Nxb6 27. cxb6 Qb7 28.
Bxe7 Nxe7 29. Na4 Bb5 30. Nc5 Qxb6 31. a4 e5 32. axb5 cxb5 33. Rxb5 Qa7 34. Rb7
Qxb7 35. Qxb7 exd4 36. Qxe7 f5 37. Bxd5+ Kh7 38. Ne6 1-0

[Event "2. Obert de Tardor Barcelona UGA 2014"]
[Site "Barcelona ESP"]
[Date "2014.10.13"]
[Round "2.10"]
[White "Busom Isach, Carlos"]
[Black "Gonzalez Canovas, Sebastia"]
[Result "1-0"]
[WhiteElo "2286"]
[BlackElo "1840"]
[PlyCount "49"]
[EventDate "2014.10.06"]
[EventType "swiss"]
[EventRounds "8"]
[EventCountry "ESP"]
[Source "lmi"]
[SourceDate "2014.10.06"]

1. e4 c5 2. Nf3 Nc6 3. Nc3 d6 4. d4 cxd4 5. Nxd4 g6 6. Be3 Bg7 7. Qd2 Nf6 8. f3
a6 9. O-O-O O-O 10. g4 Ne5 11. Bh6 Bd7 12. h4 Nc6 13. Nxc6 bxc6 14. h5 Qa5 15.
hxg6 fxg6 16. Bc4+ d5 17. Bxg7 Kxg7 18. Qh6+ Kf7 19. e5 Rh8 20. exf6 exf6 21.
Nxd5 Be6 22. Ne3 Rae8 23. Rd7+ Re7 24. Rxe7+ Kxe7 25. Qg7+ 1-0

[Event "2. Obert de Tardor Barcelona UGA 2014"]
[Site "Barcelona ESP"]
[Date "2014.10.13"]
[Round "2.12"]
[White "Vallbona Domingo, Joan"]
[Black "Dominguez Rodriguez, Gabriel"]
[Result "1-0"]
[WhiteElo "2081"]
[BlackElo "1802"]
[PlyCount "81"]
[EventDate "2014.10.06"]
[EventType "swiss"]
[EventRounds "8"]
[EventCountry "ESP"]
[Source "lmi"]
[SourceDate "2014.10.06"]

1. Nf3 Nf6 2. c4 e6 3. g3 d5 4. Bg2 c5 5. cxd5 exd5 6. d4 Nc6 7. O-O cxd4 8.
Nxd4 Bc5 9. Nxc6 bxc6 10. Qc2 Qb6 11. Nc3 Bd6 12. Be3 Qc7 13. Rac1 Be6 14. Na4
Rc8 15. Bc5 O-O 16. Bxd6 Qxd6 17. Rfd1 Qe7 18. a3 g6 19. Qc5 Qb7 20. Qd4 Nd7
21. Nc5 Nxc5 22. Rxc5 Rfe8 23. Rdc1 Re7 24. h4 h5 25. e3 Bf5 26. Qc3 Ree8 27.
b4 a6 28. Bf1 Be4 29. Bh3 f5 30. Bf1 Qf7 31. Bxa6 Rc7 32. Qd4 f4 33. exf4 Qf5
34. Bf1 Qg4 35. Bg2 Qe2 36. Bxe4 Rxe4 37. Qf6 Qg4 38. Qd8+ Kh7 39. Qxc7+ Kh6
40. Rxc6 Re7 41. Qd6 1-0

[Event "2. Obert de Tardor Barcelona UGA 2014"]
[Site "Barcelona ESP"]
[Date "2014.10.13"]
[Round "2.13"]
[White "Casassas Brosa, Ramon"]
[Black "Real Masdeu, Albert"]
[Result "1/2-1/2"]
[WhiteElo "1811"]
[BlackElo "2079"]
[PlyCount "61"]
[EventDate "2014.10.06"]
[EventType "swiss"]
[EventRounds "8"]
[EventCountry "ESP"]
[Source "lmi"]
[SourceDate "2014.10.06"]

1. e4 c5 2. b3 Nc6 3. Nf3 d6 4. Bb2 e6 5. d4 cxd4 6. Nxd4 Nf6 7. Nxc6 bxc6 8.
Nd2 Qa5 9. Bd3 Be7 10. O-O O-O 11. Nc4 Qc7 12. e5 Ne8 13. f4 d5 14. Ne3 Bc5 15.
Rf3 g6 16. Kh1 Bxe3 17. Rxe3 c5 18. c4 d4 19. Rg3 Bb7 20. Qh5 Ng7 21. Qg5 Qd8
22. Qh6 f5 23. exf6 Qxf6 24. Rh3 Kf7 25. Kg1 Rh8 26. g4 Raf8 27. Re1 Ke8 28.
Ba3 Qxf4 29. Qxf4 Rxf4 30. Bxg6+ Kd7 31. Bd3 1/2-1/2

[Event "2. Obert de Tardor Barcelona UGA 2014"]
[Site "Barcelona ESP"]
[Date "2014.10.13"]
[Round "2.14"]
[White "Gaona Gonzalez, Gerard"]
[Black "Robla Carreiras, Xavier"]
[Result "1-0"]
[WhiteElo "2072"]
[BlackElo "1799"]
[PlyCount "91"]
[EventDate "2014.10.06"]
[EventType "swiss"]
[EventRounds "8"]
[EventCountry "ESP"]
[Source "lmi"]
[SourceDate "2014.10.06"]

1. Nf3 c5 2. d3 g6 3. e4 Nc6 4. g3 e5 5. Bg2 Bg7 6. O-O Nge7 7. c4 O-O 8. Nc3
d6 9. Nh4 f5 10. Bg5 f4 11. Nd5 fxg3 12. fxg3 Be6 13. Rxf8+ Bxf8 14. Qd2 Bxd5
15. cxd5 Nd4 16. Rf1 Qd7 17. Qf2 Qe8 18. Bh3 Bg7 19. Nf3 Kh8 20. Nxd4 cxd4 21.
Qf7 Ng8 22. Qxe8 Rxe8 23. Rf7 Rb8 24. Rd7 Bf8 25. Be6 h6 26. Bxg8 Kxg8 27. Be7
Bxe7 28. Rxe7 Rc8 29. Rxb7 Rc2 30. a4 Rd2 31. Rb3 Kf8 32. a5 Ke8 33. a6 Kd8 34.
h4 g5 35. hxg5 hxg5 36. Kf1 g4 37. Ke1 Rg2 38. Rb8+ Kc7 39. Rb7+ Kc8 40. Rxa7
Kb8 41. Rd7 Rxg3 42. Rxd6 Rxd3 43. Rg6 g3 44. d6 Rb3 45. Rg8+ Ka7 46. d7 1-0

[Event "2. Obert de Tardor Barcelona UGA 2014"]
[Site "Barcelona ESP"]
[Date "2014.10.13"]
[Round "2.15"]
[White "Garcia Espelta, Josep"]
[Black "Torralba Pérez, Antonio"]
[Result "0-1"]
[WhiteElo "2060"]
[BlackElo "1786"]
[PlyCount "66"]
[EventDate "2014.10.06"]
[EventType "swiss"]
[EventRounds "8"]
[EventCountry "ESP"]
[Source "lmi"]
[SourceDate "2014.10.06"]

1. e4 e5 2. Nf3 Nc6 3. Bb5 a6 4. Ba4 Nf6 5. O-O Be7 6. Re1 b5 7. Bb3 d6 8. c3
O-O 9. h3 Na5 10. Bc2 c5 11. d4 Nd7 12. Nbd2 exd4 13. cxd4 Nc6 14. Nf1 Bb7 15.
Ne3 Bf6 16. d5 Nce5 17. Nxe5 Nxe5 18. f4 Ng6 19. Qf3 Re8 20. g3 Bd4 21. Kg2 Qd7
22. Rh1 Re7 23. Nf5 Rae8 24. Rb1 Qxf5 25. exf5 Re2+ 26. Qxe2 Rxe2+ 27. Kf3 Rxc2
28. Re1 Bxd5+ 29. Kg4 h5+ 30. Kxh5 Bf3+ 31. g4 Nf8 32. Be3 Bf6 33. Bg1 Kh7 0-1

[Event "2. Obert de Tardor Barcelona UGA 2014"]
[Site "Barcelona ESP"]
[Date "2014.10.13"]
[Round "2.17"]
[White "Vidal Sànchez, Francesc"]
[Black "Sanz Ogaya, Mario"]
[Result "0-1"]
[WhiteElo "1733"]
[BlackElo "1891"]
[PlyCount "104"]
[EventDate "2014.10.06"]
[EventType "swiss"]
[EventRounds "8"]
[EventCountry "ESP"]
[Source "lmi"]
[SourceDate "2014.10.06"]

1. d4 Nf6 2. Nf3 g6 3. Nc3 Bg7 4. e4 d6 5. h3 O-O 6. Be3 Nbd7 7. Qd2 e5 8. Bh6
exd4 9. Nxd4 Re8 10. Bd3 Bh8 11. O-O-O Nc5 12. Bg5 Qd7 13. f3 a6 14. h4 h5 15.
Rhg1 b5 16. Nde2 b4 17. Bxf6 Bxf6 18. Nd5 Bg7 19. g4 hxg4 20. Rxg4 Qa4 21. Bc4
Bxg4 22. fxg4 b3 23. Bxb3 Nxb3+ 24. cxb3 Qxa2 25. Qc2 Rab8 26. Ndc3 Qa1+ 27.
Kd2 Qa5 28. Kc1 c6 29. Nf4 Qc5 30. Kb1 Rb7 31. Nd3 Qb6 32. Na4 Qxb3 33. Qxb3
Rxb3 34. Ka2 Rb5 35. Nc3 Bxc3 36. bxc3 Reb8 37. Nb4 c5 38. Nc6 R8b6 39. Rxd6
Rb2+ 40. Ka3 R2b3+ 41. Ka4 Kg7 42. e5 Rb1 43. Ka5 R6b2 44. Kxa6 Ra2+ 45. Na5
Rba1 46. Kb5 Rxa5+ 47. Kc4 R1a4+ 48. Kd5 Rxg4 49. e6 c4+ 50. Kc6 Ra6+ 51. Kc7
Rxd6 52. e7 Re6 0-1

[Event "2. Obert de Tardor Barcelona UGA 2014"]
[Site "Barcelona ESP"]
[Date "2014.10.13"]
[Round "2.18"]
[White "Masferrer Andreu, Josep Miquel"]
[Black "Torras Lemos, Marc"]
[Result "1-0"]
[WhiteElo "1862"]
[BlackElo "1762"]
[PlyCount "55"]
[EventDate "2014.10.06"]
[EventType "swiss"]
[EventRounds "8"]
[EventCountry "ESP"]
[Source "lmi"]
[SourceDate "2014.10.06"]

1. d4 d5 2. Nc3 Nc6 3. e3 a6 4. Nf3 Bg4 5. Be2 e6 6. h3 Bf5 7. a3 Bd6 8. Bd3
Nf6 9. Bxf5 exf5 10. Qd3 Ne4 11. Nxd5 Bxa3 12. Nxc7+ Qxc7 13. Qxa3 Qd6 14. Qxd6
Nxd6 15. c3 O-O 16. O-O a5 17. b3 Ne4 18. d5 Ne7 19. c4 Rfe8 20. Ba3 b5 21.
Bxe7 Rxe7 22. Nd4 bxc4 23. bxc4 g6 24. Rfc1 Rc7 25. Ra2 Nc5 26. Nc6 Nb3 27. Rc3
a4 28. Rxb3 1-0

[Event "2. Obert de Tardor Barcelona UGA 2014"]
[Site "Barcelona ESP"]
[Date "2014.10.13"]
[Round "2.19"]
[White "Ylla Soro, Rafael"]
[Black "Astor Martinez, Juan Fernando"]
[Result "0-1"]
[WhiteElo "1853"]
[BlackElo "1701"]
[PlyCount "56"]
[EventDate "2014.10.06"]
[EventType "swiss"]
[EventRounds "8"]
[EventCountry "ESP"]
[Source "lmi"]
[SourceDate "2014.10.06"]

1. e4 e5 2. Nf3 Nc6 3. Bb5 f5 4. d3 fxe4 5. dxe4 Nf6 6. O-O Bc5 7. Nc3 d6 8.
Bg5 O-O 9. Bc4+ Kh8 10. h3 Na5 11. Bd3 Be6 12. a3 Bb6 13. Nd5 Bxd5 14. exd5 Qe8
15. b4 e4 16. Re1 Qg6 17. Bxf6 exd3 18. Bxg7+ Qxg7 19. Qxd3 Nc4 20. Rab1 Ne5
21. Rxe5 dxe5 22. Re1 Rae8 23. c4 e4 24. Rxe4 Rxe4 25. Qxe4 c5 26. dxc6 bxc6
27. c5 Bc7 28. Qxc6 Qa1+ 0-1

[Event "2. Obert de Tardor Barcelona UGA 2014"]
[Site "Barcelona ESP"]
[Date "2014.10.13"]
[Round "2.20"]
[White "Menendez Cabrera, Enric"]
[Black "Maqueda Berdugo, Francisco"]
[Result "1-0"]
[WhiteElo "1721"]
[BlackElo "1846"]
[PlyCount "97"]
[EventDate "2014.10.06"]
[EventType "swiss"]
[EventRounds "8"]
[EventCountry "ESP"]
[Source "lmi"]
[SourceDate "2014.10.06"]

1. e4 c5 2. Nf3 d6 3. d4 cxd4 4. Qxd4 Nc6 5. Bb5 Bd7 6. Bxc6 Bxc6 7. Nc3 Nf6 8.
Bg5 Qb6 9. Bxf6 gxf6 10. Qxb6 axb6 11. Nd5 Bxd5 12. exd5 Rc8 13. c3 Rg8 14. O-O
Kd7 15. Rfe1 Rc4 16. Re2 Rcg4 17. g3 h5 18. Kf1 e5 19. Rae1 f5 20. Nh4 f4 21.
Re4 fxg3 22. hxg3 Be7 23. Nf5 Rxe4 24. Rxe4 Rg4 25. Rxg4 hxg4 26. Nh6 Bg5 27.
Nxg4 Bc1 28. b3 b5 29. Ke2 Bb2 30. Kd3 f5 31. Ne3 f4 32. gxf4 exf4 33. Ng2 b4
34. c4 Bc1 35. Kc2 f3 36. Nh4 Be3 37. Kd3 Bxf2 38. Nxf3 Kc7 39. Ke4 Kb6 40. Kf5
Kc5 41. Ke6 Bg3 42. Ng5 Kd4 43. Nf7 Kc3 44. Nxd6 Kb2 45. Nxb7 Kxa2 46. Nc5 Bf2
47. Nd3 Kxb3 48. Nxf2 Kc2 49. d6 1-0

[Event "2. Obert de Tardor Barcelona UGA 2014"]
[Site "Barcelona ESP"]
[Date "2014.10.20"]
[Round "3.1"]
[White "Canellas Magide, Lluis"]
[Black "Balague Orduña, Enric"]
[Result "1-0"]
[WhiteElo "2208"]
[BlackElo "2102"]
[PlyCount "57"]
[EventDate "2014.10.06"]
[EventType "swiss"]
[EventRounds "8"]
[EventCountry "ESP"]
[Source "lmi"]
[SourceDate "2014.10.06"]

1. Nc3 d5 2. d4 f5 3. e4 dxe4 4. f3 exf3 5. Nxf3 e6 6. Bg5 Be7 7. Bxe7 Nxe7 8.
Bc4 Nd5 9. Bxd5 exd5 10. Qe2+ Qe7 11. Ne5 Be6 12. Qh5+ g6 13. Nxg6 Qf7 14. Nf4
Qxh5 15. Nxh5 O-O 16. Nf4 c6 17. O-O Bd7 18. Rae1 Na6 19. Nd3 Rae8 20. Ne5 Bc8
21. a3 Nb8 22. Rf3 Nd7 23. Rg3+ Kh8 24. Nf7+ Rxf7 25. Rxe8+ Rf8 26. Rge3 Kg8
27. R3e7 Nf6 28. Rxf8+ Kxf8 29. Rc7 1-0

[Event "2. Obert de Tardor Barcelona UGA 2014"]
[Site "Barcelona ESP"]
[Date "2014.10.20"]
[Round "3.2"]
[White "Rios Torondell, Jaume"]
[Black "Castells Briones, Miquel"]
[Result "0-1"]
[WhiteElo "2109"]
[BlackElo "2170"]
[PlyCount "68"]
[EventDate "2014.10.06"]
[EventType "swiss"]
[EventRounds "8"]
[EventCountry "ESP"]
[Source "lmi"]
[SourceDate "2014.10.06"]

1. e4 c5 2. Nf3 Nc6 3. Bb5 e6 4. Bxc6 bxc6 5. b3 d6 6. e5 d5 7. Ba3 Nh6 8. Nc3
Ba6 9. Ne2 Qc7 10. Bb2 Be7 11. d3 O-O 12. Qd2 Rab8 13. O-O-O Ng4 14. Nf4 Rb4
15. Nh5 Rfb8 16. h3 Nh6 17. Nf6+ Kh8 18. a3 R4b7 19. Ng5 c4 20. Nfxh7 cxd3 21.
Qf4 Bxg5 22. Nxg5 dxc2 23. Rd4 Rxb3 24. Rb4 R3xb4 25. axb4 Bd3 26. g4 Qe7 27.
Bc3 c5 28. b5 Rxb5 29. Kd2 Rb1 30. Rc1 c4 31. Ke1 d4 32. Ba5 Qa3 33. Bd2 c3 34.
Qxd4 Qxc1+ 0-1

[Event "2. Obert de Tardor Barcelona UGA 2014"]
[Site "Barcelona ESP"]
[Date "2014.10.20"]
[Round "3.3"]
[White "Rocher Gonzalez, Vicenç"]
[Black "Aprea, Daniele"]
[Result "1-0"]
[WhiteElo "2048"]
[BlackElo "2114"]
[PlyCount "72"]
[EventDate "2014.10.06"]
[EventType "swiss"]
[EventRounds "8"]
[EventCountry "ESP"]
[Source "lmi"]
[SourceDate "2014.10.06"]

1. c4 f5 2. d4 Nf6 3. Nc3 e6 4. g3 Bb4 5. a3 Bxc3+ 6. bxc3 d6 7. Bg2 O-O 8. Rb1
Nbd7 9. Nh3 Qe8 10. O-O e5 11. f3 Nb6 12. c5 dxc5 13. dxc5 Na4 14. e4 fxe4 15.
fxe4 Nxc5 16. Bg5 Bg4 17. Qc2 Nfxe4 18. Rxf8+ Qxf8 19. Be3 Nf6 20. Ng5 h6 21.
Qa2+ Ne6 22. Nxe6 Qf7 23. Rxb7 Bxe6 24. Qb1 Ng4 25. Bxa7 Bd5 26. Rb8+ Rxb8 27.
Qxb8+ Kh7 28. Qb1+ g6 29. Qd1 Bxg2 30. Kxg2 h5 31. Qd2 e4 32. Qe2 Qd5 33. Be3
Qb3 34. Bd4 Qxa3 35. h3 Nf6 36. Bxf6 Qa6 1-0

[Event "2. Obert de Tardor Barcelona UGA 2014"]
[Site "Barcelona ESP"]
[Date "2014.10.20"]
[Round "3.4"]
[White "Magallanes, Gustavo Javier"]
[Black "Sanchez Criado, Lluis"]
[Result "0-1"]
[WhiteElo "2118"]
[BlackElo "2234"]
[PlyCount "86"]
[EventDate "2014.10.06"]
[EventType "swiss"]
[EventRounds "8"]
[EventCountry "ESP"]
[Source "lmi"]
[SourceDate "2014.10.06"]

1. e4 c6 2. d3 d5 3. Nd2 e5 4. Ngf3 Bd6 5. g3 Nf6 6. Bg2 dxe4 7. dxe4 h6 8. O-O
Be6 9. Qe2 Nbd7 10. b3 Nb6 11. Bb2 Qc7 12. Nh4 O-O 13. f4 Bg4 14. Qe1 exf4 15.
h3 f3 16. Nhxf3 Bxg3 17. Qe3 Bxf3 18. Nxf3 Nbd7 19. Nd4 Be5 20. c3 Nh5 21. Nf5
Bh2+ 22. Kh1 Ng3+ 23. Nxg3 Bxg3 24. Rf3 Be5 25. Raf1 f6 26. Bc1 Rf7 27. Qf2 Nf8
28. Qh4 Kh7 29. Rg1 Rd8 30. Qh5 Rfd7 31. Bf1 Rd1 32. Ba3 c5 33. Qg4 b6 34. b4
R8d2 35. Rg2 Qd7 36. Rf5 g6 37. Rxe5 Rxf1+ 38. Rg1 Rxg1+ 39. Kxg1 Qxg4+ 40.
hxg4 fxe5 41. bxc5 bxc5 42. Bxc5 Nd7 43. Bxa7 Rxa2 0-1

[Event "2. Obert de Tardor Barcelona UGA 2014"]
[Site "Barcelona ESP"]
[Date "2014.10.20"]
[Round "3.5"]
[White "Cardenas, Fernando Adrian"]
[Black "Sanchez Viana, Jordi"]
[Result "1-0"]
[WhiteElo "2171"]
[BlackElo "1907"]
[PlyCount "115"]
[EventDate "2014.10.06"]
[EventType "swiss"]
[EventRounds "8"]
[EventCountry "ESP"]
[Source "lmi"]
[SourceDate "2014.10.06"]

1. Nf3 Nf6 2. d4 d5 3. c4 c6 4. e3 e6 5. b3 Bd6 6. Bb2 O-O 7. Bd3 Nbd7 8. Ne5
Ne4 9. Qc2 Bb4+ 10. Nc3 Qa5 11. Bxe4 dxe4 12. a3 Nxe5 13. dxe5 Bxc3+ 14. Bxc3
Qa6 15. Qxe4 Rd8 16. O-O c5 17. a4 Bd7 18. Rfd1 Bc6 19. Qh4 Qb6 20. a5 Qc7 21.
Qg4 Rd7 22. Rxd7 Bxd7 23. Rd1 Bc6 24. Qh4 b5 25. cxb5 Bxb5 26. Rd6 Re8 27. Qg4
Bc6 28. h4 Bd5 29. b4 Rb8 30. bxc5 Qxc5 31. Bb4 Qc1+ 32. Kh2 h6 33. Rd7 Qc6 34.
Rxa7 Be4 35. Bd6 Rb2 36. Rc7 Qa8 37. Qf4 Bg6 38. Rc5 Be4 39. Rc1 Bg6 40. Bb4
Qb8 41. Rc4 Bd3 42. Rd4 Bg6 43. Bd2 Rb5 44. Bc3 Rb1 45. Rb4 Qc8 46. Qc4 Qa8 47.
f3 Rd1 48. e4 Qd8 49. g3 Rd3 50. Rb8 Qxb8 51. Qxd3 Qb3 52. a6 Qa2+ 53. Bd2 f5
54. exf6 gxf6 55. Kh3 f5 56. Qd8+ Kf7 57. Bxh6 Qa3 58. Qd7+ 1-0

[Event "2. Obert de Tardor Barcelona UGA 2014"]
[Site "Barcelona ESP"]
[Date "2014.10.20"]
[Round "3.6"]
[White "Cano Sevila, Ivan"]
[Black "Pla Carulla, Joaquim"]
[Result "1-0"]
[WhiteElo "2010"]
[BlackElo "1907"]
[PlyCount "75"]
[EventDate "2014.10.06"]
[EventType "swiss"]
[EventRounds "8"]
[EventCountry "ESP"]
[Source "lmi"]
[SourceDate "2014.10.06"]

1. d4 Nf6 2. Bf4 d5 3. Nf3 Bf5 4. e3 e6 5. Nbd2 Bd6 6. Ne5 O-O 7. Be2 Nbd7 8.
g4 Bg6 9. h4 h6 10. g5 hxg5 11. hxg5 Bxe5 12. dxe5 Nh7 13. Nf3 c5 14. Bd3 Bxd3
15. Qxd3 g6 16. Qf1 Kg7 17. Qh3 Rh8 18. Qh6+ Kg8 19. c3 Qf8 20. O-O-O b5 21.
Rh3 Nb6 22. Rdh1 Qg7 23. Qxg7+ Kxg7 24. Rh4 Rac8 25. R1h3 a5 26. Nh2 Nd7 27.
Ng4 b4 28. Nf6 Ndf8 29. e4 d4 30. cxd4 cxd4+ 31. Kd2 Rd8 32. Kd3 Rc8 33. Bd2
Rc5 34. f4 Rc8 35. a3 b3 36. Bxa5 Rc2 37. Bb4 Rxb2 38. Bxf8+ 1-0

[Event "2. Obert de Tardor Barcelona UGA 2014"]
[Site "Barcelona ESP"]
[Date "2014.10.20"]
[Round "3.7"]
[White "Sanz Ogaya, Mario"]
[Black "Perez Pastora, Evarist"]
[Result "0-1"]
[WhiteElo "1891"]
[BlackElo "2258"]
[PlyCount "134"]
[EventDate "2014.10.06"]
[EventType "swiss"]
[EventRounds "8"]
[EventCountry "ESP"]
[Source "lmi"]
[SourceDate "2014.10.06"]

1. e4 c5 2. Nf3 d6 3. d4 cxd4 4. Nxd4 Nf6 5. Nc3 a6 6. Be2 e5 7. Nb3 Be6 8. Be3
Nbd7 9. O-O Be7 10. f4 Rc8 11. f5 Bc4 12. Bxc4 Rxc4 13. Qd3 Rc8 14. Kh1 Nb6 15.
Rad1 Nc4 16. Bc1 O-O 17. Nd2 Qc7 18. Nxc4 Qxc4 19. Qxc4 Rxc4 20. Bg5 Rd8 21.
Bxf6 Bxf6 22. Rf3 b5 23. a3 a5 24. b3 Rc5 25. Rd5 b4 26. axb4 axb4 27. Rxc5
dxc5 28. Nd5 Bg5 29. Kg1 Ra8 30. c3 Ra1+ 31. Rf1 Ra3 32. cxb4 cxb4 33. Rf3 Ra1+
34. Kf2 Ra2+ 35. Kg3 Re2 36. Nxb4 Rxe4 37. Rc3 h5 38. Nc6 Bd2 39. Rd3 Bf4+ 40.
Kf3 Re1 41. g3 Bg5 42. h4 e4+ 43. Kf2 Rc1 44. Rd6 e3+ 45. Kf3 Rf1+ 46. Ke2 Rf2+
47. Ke1 Bf6 48. Rd3 Rc2 49. Nd4 Rd2 50. Rxe3 Rxd4 51. Kf2 Rd5 52. Rf3 Rb5 53.
Ke2 Kf8 54. Kf2 Ke7 55. Kg2 Kd6 56. Kh3 Ke5 57. g4 hxg4+ 58. Kxg4 Rb4+ 59. Kh3
Rxh4+ 60. Kg3 Rb4 61. Kg2 Rg4+ 62. Kh3 Rf4 63. Rd3 Kxf5 64. Kg3 Be5 65. Kg2 Ke4
66. Rd1 Rg4+ 67. Kf2 Bd4+ 0-1

[Event "2. Obert de Tardor Barcelona UGA 2014"]
[Site "Barcelona ESP"]
[Date "2014.10.20"]
[Round "3.8"]
[White "Domenech Vallejos, Josep Lluis"]
[Black "Masferrer Andreu, Josep Miquel"]
[Result "1-0"]
[WhiteElo "2176"]
[BlackElo "1862"]
[PlyCount "129"]
[EventDate "2014.10.06"]
[EventType "swiss"]
[EventRounds "8"]
[EventCountry "ESP"]
[Source "lmi"]
[SourceDate "2014.10.06"]

1. f4 d5 2. Nf3 Nf6 3. e3 Bg4 4. b3 e6 5. Bb2 Nbd7 6. Be2 Ne4 7. O-O Ndf6 8.
Ne5 Bxe2 9. Qxe2 Nd6 10. d3 Be7 11. Nd2 O-O 12. Kh1 c6 13. Rf3 Nd7 14. Rh3 Nxe5
15. fxe5 Nf5 16. Qh5 Nh6 17. e4 f6 18. Rg3 Kh8 19. Qe2 fxe5 20. Nf3 Bf6 21.
Nxe5 Qc7 22. d4 Bxe5 23. dxe5 Rf4 24. exd5 cxd5 25. Rc3 Qf7 26. Rf3 Rf8 27.
Raf1 Rxf3 28. Rxf3 Qe8 29. Bd4 a6 30. h3 Rxf3 31. Qxf3 Nf5 32. Bf2 Kg8 33. g4
Ne7 34. Bc5 Qf7 35. Qxf7+ Kxf7 36. Bxe7 Kxe7 37. Kg2 g5 38. Kf3 b5 39. Ke3 Kd7
40. Kd4 Kc6 41. c3 a5 42. a3 a4 43. bxa4 bxa4 44. c4 dxc4 45. Kxc4 Kb6 46. Kb4
Kc6 47. Kxa4 Kd5 48. Kb5 Kxe5 49. a4 Kf4 50. a5 e5 51. a6 e4 52. a7 e3 53. a8=Q
Kg3 54. Kc4 e2 55. Qh1 Kf2 56. Qh2+ Kf1 57. Qh1+ Kf2 58. Kd4 e1=Q 59. Qxe1+
Kxe1 60. Ke4 Kf2 61. Kf5 h6 62. Kg6 Kg3 63. Kxh6 Kxh3 64. Kxg5 Kg3 65. Kf5 1-0

[Event "2. Obert de Tardor Barcelona UGA 2014"]
[Site "Barcelona ESP"]
[Date "2014.10.20"]
[Round "3.9"]
[White "Vidal Moll, Francesc"]
[Black "Vallbona Domingo, Joan"]
[Result "0-1"]
[WhiteElo "1792"]
[BlackElo "2081"]
[PlyCount "66"]
[EventDate "2014.10.06"]
[EventType "swiss"]
[EventRounds "8"]
[EventCountry "ESP"]
[Source "lmi"]
[SourceDate "2014.10.06"]

1. d4 Nf6 2. e3 c5 3. c3 b6 4. Bd3 Bb7 5. Nf3 g6 6. O-O Bg7 7. Nbd2 d6 8. Re1
O-O 9. Bc4 Qc7 10. Bd3 Nc6 11. Qe2 e5 12. dxe5 dxe5 13. Ba6 e4 14. Ng5 Ne5 15.
Bxb7 Qxb7 16. f3 exf3 17. Ngxf3 Rfe8 18. Nxe5 Rxe5 19. Nf3 Re7 20. Bd2 Rae8 21.
Qf2 Ne4 22. Qh4 Qd5 23. Re2 Bf6 24. Qe1 Nd6 25. b3 c4 26. b4 Nf5 27. Rd1 Re4
28. Bc1 Qe6 29. a4 Nxe3 30. Rdd2 Qg4 31. Qf2 Bxc3 32. h3 Qf5 33. Rc2 Nxc2 0-1

[Event "2. Obert de Tardor Barcelona UGA 2014"]
[Site "Barcelona ESP"]
[Date "2014.10.20"]
[Round "3.10"]
[White "Torralba Pérez, Antonio"]
[Black "Gaona Gonzalez, Gerard"]
[Result "0-1"]
[WhiteElo "1786"]
[BlackElo "2072"]
[PlyCount "68"]
[EventDate "2014.10.06"]
[EventType "swiss"]
[EventRounds "8"]
[EventCountry "ESP"]
[Source "lmi"]
[SourceDate "2014.10.06"]

1. e4 d6 2. d4 Nd7 3. Nc3 e5 4. Nf3 Ngf6 5. Bg5 Be7 6. Bc4 O-O 7. O-O c6 8. Bb3
b5 9. Bxf6 Bxf6 10. a4 b4 11. Ne2 a5 12. Ng3 g6 13. c3 Ba6 14. Re1 c5 15. dxc5
Nxc5 16. Bd5 Rb8 17. c4 b3 18. Ne2 Rb4 19. Nc3 Qd7 20. Nd2 Bg5 21. Nf3 Bh6 22.
Ra3 Rfb8 23. Nb5 Bf8 24. Ng5 Ne6 25. Qg4 Bc8 26. Re3 Qe7 27. Nxf7 Qxf7 28. Rf3
Qe7 29. Nc7 Qxc7 30. Bxe6+ Bxe6 31. Qxe6+ Kh8 32. Rf7 Qxc4 33. Qf6+ Kg8 34. Ra1
Qxf7 0-1

[Event "2. Obert de Tardor Barcelona UGA 2014"]
[Site "Barcelona ESP"]
[Date "2014.10.20"]
[Round "3.11"]
[White "Astor Martinez, Juan Fernando"]
[Black "Gonzalez Martin, Fernando"]
[Result "1/2-1/2"]
[WhiteElo "1701"]
[BlackElo "2017"]
[PlyCount "85"]
[EventDate "2014.10.06"]
[EventType "swiss"]
[EventRounds "8"]
[EventCountry "ESP"]
[Source "lmi"]
[SourceDate "2014.10.06"]

1. d4 Nf6 2. Bg5 Ne4 3. Bf4 c5 4. f3 Qa5+ 5. c3 Nf6 6. d5 d6 7. e4 g6 8. Na3
Bg7 9. Nc4 Qd8 10. a4 O-O 11. Bd3 Nbd7 12. Ne2 Nb6 13. O-O Nxc4 14. Bxc4 a6 15.
Bd3 Rb8 16. a5 b5 17. axb6 Qxb6 18. Kh1 Ra8 19. Qd2 Bd7 20. Ng3 Rfb8 21. Rfb1
Bb5 22. c4 Bd7 23. e5 Ne8 24. exd6 exd6 25. Ne4 Bf5 26. Ra2 Bxe4 27. fxe4 Ra7
28. b3 Qb4 29. Qxb4 Rxb4 30. Ra5 Kf8 31. Bd2 Rb8 32. Bf4 Ke7 33. Rxc5 Bc3 34.
Rc6 Bd4 35. h3 a5 36. Bc2 a4 37. bxa4 Rxb1+ 38. Bxb1 Rxa4 39. Kh2 Ra1 40. Bd3
f6 41. Be2 g5 42. Bg3 Rc1 43. Bh5 1/2-1/2

[Event "2. Obert de Tardor Barcelona UGA 2014"]
[Site "Barcelona ESP"]
[Date "2014.10.20"]
[Round "3.12"]
[White "Albert Cristobal, Jorge"]
[Black "Menendez Cabrera, Enric"]
[Result "1-0"]
[WhiteElo "1982"]
[BlackElo "1721"]
[PlyCount "55"]
[EventDate "2014.10.06"]
[EventType "swiss"]
[EventRounds "8"]
[EventCountry "ESP"]
[Source "lmi"]
[SourceDate "2014.10.06"]

1. e4 c5 2. d4 cxd4 3. c3 dxc3 4. Nxc3 Nc6 5. Bc4 e6 6. Nf3 Bb4 7. O-O Bxc3 8.
bxc3 Nge7 9. Bg5 O-O 10. Qd6 f6 11. Bh4 Ng6 12. Bg3 Na5 13. Bd3 Qe7 14. Qc7 b6
15. Bb5 Qc5 16. Qxc5 bxc5 17. Bd6 Rf7 18. Bxc5 Nb7 19. Ba3 d6 20. Nd4 Rc7 21.
Bc6 e5 22. Bxb7 Bxb7 23. Nb5 Rd7 24. Nxd6 Ba6 25. Rfd1 Rad8 26. Rd2 Ne7 27.
Rad1 Kh8 28. Nf7+ 1-0

[Event "2. Obert de Tardor Barcelona UGA 2014"]
[Site "Barcelona ESP"]
[Date "2014.10.20"]
[Round "3.13"]
[White "Navarro Oliva, Ivan Tomás"]
[Black "Montero Domenech, Felix"]
[Result "1/2-1/2"]
[WhiteElo "1700"]
[BlackElo "1926"]
[PlyCount "89"]
[EventDate "2014.10.06"]
[EventType "swiss"]
[EventRounds "8"]
[EventCountry "ESP"]
[Source "lmi"]
[SourceDate "2014.10.06"]

1. e4 g6 2. Nf3 d6 3. Bc4 Bg7 4. d4 Nf6 5. Nbd2 O-O 6. O-O Nbd7 7. b4 a6 8. Bb2
b5 9. Bb3 c6 10. a3 a5 11. c4 bxc4 12. Nxc4 axb4 13. axb4 Rxa1 14. Qxa1 d5 15.
exd5 cxd5 16. Ncd2 Qb6 17. Bc3 Bb7 18. Re1 Ra8 19. Qb2 e6 20. Ra1 Rxa1+ 21.
Qxa1 Nb8 22. Ne5 Bf8 23. Qa5 Qxa5 24. bxa5 Ne8 25. Ba4 Nd6 26. f3 f6 27. Nd7
Nxd7 28. Bxd7 Kf7 29. Kf2 Ke7 30. Ba4 Kd8 31. Bb4 e5 32. Bc5 Be7 33. Bb6+ Kc8
34. Bc5 Nf5 35. Nb3 Bd8 36. g4 Ng7 37. Bb5 Ne6 38. a6 Ba8 39. dxe5 Nxc5 40.
Nxc5 Bb6 41. exf6 Bxc5+ 42. Ke2 Kc7 43. f7 Bc6 44. Bxc6 Kxc6 45. a7 1/2-1/2